Choquet-Deny type functional equations with applications to stochastic models

Saved in:
Bibliographic Details
Main Author: Rao, C. Radhakrishna (Calyampudi Radhakrishna) 1920-
Other Authors: Shanbhag, D. N.
Format: Book
Language:English
Published: Chichester ; New York : John Wiley, c1994
Series:Wiley series in probability and mathematical statistics
Subjects:
Tags: Add Tag
No Tags, Be the first to tag this record!

MARC

LEADER 00000nam a2200000 i 4500
001 1/79986
008 990507s1994 eng d
020 |a 0-471-95104-8 
035 |l 10050522 
040 |a GR-MY-UA  |b gre  |e aacr 
041 0 |a eng 
082 0 |a 519.2 
100 1 |a Rao, C. Radhakrishna  |q (Calyampudi Radhakrishna)  |d 1920- 
245 1 0 |a Choquet-Deny type functional equations with applications to stochastic models /  |c C. Radhakrishna Rao, D. N. Shanbhag 
260 |a Chichester ; New York :   |b John Wiley,   |c c1994 
300 |a xii, 290 p.;  |b ill.;  |c 24 cm. 
490 1 |a Wiley series in probability and mathematical statistics 
500 |a Includes bibliographical references and index 
650 0 0 |a Functional equations. 
650 0 0 |a Stochastic processes. 
700 1 |a Shanbhag, D. N. 
830 0 |a Wiley series in probability and mathematical statistics 
852 |a INST  |b SAMOS  |e 19990507  |h 519.2 RAO  |p 005300013128  |q 005300013128  |t BK  |y 0 
901 |a BIBL-1999-2 
909 |a Σ  |b 063996 
922 |a 3ΕΛΗ  |b 199901  |c ΚΠΣ  |d GLORY